000 00576nam a2200229Ia 4500
003 OSt
005 20220924152306.0
006 a|||||r|||| 00| 0
007 ta
008 220923b |||||||| |||| 00| 0 mar d
024 _a341825
037 _cTextual
040 _aARTS
_cARTS
_bmar
041 _2mar
_amar
082 _aO155,3NSOIx, L6
100 _aSonar V.R.
_9226327
245 0 _aAngavar andhar
260 _c1976
650 _aMARATHI LITERATURE
_938000
942 _hO155,3NSOIx, L6
_cTEXL
_2CC
999 _c469366
_d469366